Statistics for Countries Closest to Vatican City A-Z

Click here to take the quiz!

General Stats

  • This quiz has been taken 3,035 times
    (2,983 since last reset)
  • The average score is 20 of 24

Answer Stats

LetterCountry% Correct
IItaly
97%
FFrance
94%
QQatar
92%
OOman
90%
YYemen
90%
AAustria
89%
DDenmark
89%
GGermany
89%
ZZambia
89%
SSan Marino
88%
HHungary
87%
CCroatia
86%
UUnited Kingdom
86%
EEstonia
84%
MMonaco
84%
JJordan
82%
KKosovo
80%
BBosnia & Herzegovina
79%
LLiechtenstein
79%
PPoland
79%
RRomania
79%
TTunisia
77%
NNetherlands
72%
VVenezuela
71%

Score Distribution

Percentile by Number Answered

Percent of People with Each Score

Your Score History

You have not taken this quiz since the last reset